000 00813nam a2200241 a 4500
001 000002008
003 DO-SdBNP
005 20230719110447.0
008 090630s2008 dr a r 000 0cspa d
040 _aDO-SdBNP
_bspa
_cBPMSU
082 4 _a796.83
_bN714g 2008
_222
100 1 _aNina Gómez, Carlos
100 z _aGómez, Carlos Nina
245 1 0 _aGigantes del boxeo hispano :
_b¿quiénes han sido los mejores? /
_cCarlos Nina Gómez ; prólogo Heriberto Morrison.
260 _aSanto Domingo :
_bAmigo del Hogar,
_c2008.
300 _a391 p. :
_bil. ;
_c23 cm.
590 _aInventariado, 2023/VM
650 4 _aBoxeadores
_zAmérica Latina
_vBiografías
650 4 _aBoxeo
_zAmérica Latina
700 1 _aMorrison, Heriberto,
_epról.
910 _aVMateo V. Control de calidad. BPMSU
942 _2ddc
_cBK
999 _c14433
_d14433